00795nam a22001937a 4500003000900000008004100009020001800050040007100068082003200139100002300171245022100194260003600415300004600451650003200497650001800529650001300547700002100560700002000581AR-CdUCM190319b ||||| |||| 00| 0 spa d a9786071513120 aMUNICIPALIDAD PROVINCIAL DEL CUSCOcBIBLIOTECA MUNICIPAL DEL CUSCO a658.15/B82bB822undécima aBrealey, Richard A aPrincipios de finanzas corporativas /cBrealey, Richard A., Myers, Stewart C., Allen, Franklin ; coordinadora traducción, Luisa Nieto Soria ; traductores, Ma. Angeles Fernández Izquierdo, Vicente Aragó Manzana. aMéxico ;bMcGraw-Hill,c2015. a926 Páginas. :bilustraciones ;c27 cm. aAdministración financiera aCorporaciones aFinanzas aMyers, Stewart C aAllen, Franklin